Reliéf Mierová slávnosť Štátna cena K. Gottwalda zasl. um. K. Patakiovej

Bibliographic Details
Main Author: Ľ.CH (Author)
Format: Article
Language:Slovak
Subjects:

MARC

LEADER 00000nab a2200000 a 4500
001 vtls000116520
003 SK-MaSNL
005 20260303024002.0
008 111104c1982 xo 0 slo
015 |a SNBRB19rr/mm-uuuuu 
035 |a CL0126625 
040 |a SNKBUCL  |b slo  |c SNKBUCL  |e AACR2 
041 0 |a slo 
044 |a xo  |c SK 
080 |a 730  |2 1981 
080 |a 331.97  |2 1981 
100 0 |a Ľ.CH.  |4 aut  |9 7219 
245 1 0 |a Reliéf Mierová slávnosť  |b Štátna cena K. Gottwalda zasl. um. K. Patakiovej  |c Ľ.CH. 
600 1 7 |a Patakiová, Klára,  |d 1930-  |2 snkbucl  |9 107856 
650 0 7 |a Štátna cena Klementa Gottwalda  |2 snkbucl  |9 934205 
655 7 |a články z novín a časopisov  |2 snkbucl  |9 267496 
773 0 |t Ľud  |g Roč. 35, č. 131 (4. 6. 1982), s. 5 
850 |a Slovenská národná knižnica v Martine  |a MTA001 
852 |a SNK  |b KIS3GCP 
958 |a RK 
992 |a RBX 
999 |c 1637613  |d 1639543